[Event "IECC KO-1037"]
[Site "IECC email"]
[Date "2003.11.10"]
[Round "?"]
[White "Benum, Sharon"]
[Black "Raymond, David"]
[Result "1/2-1/2"]
[WhiteElo "1035"]
[BlackElo "1002"]
[PlyCount "70"]
[EventDate "2003.??.??"]
[EventType "match (corr)"]
[EventRounds "2"]
[SourceTitle "Corr 2020"]
[Source "ChessBase"]
[SourceDate "2019.09.30"]
[SourceVersion "1"]
[SourceVersionDate "2019.09.30"]
[SourceQuality "1"]
[WhiteTeam "United States"]
[BlackTeam "United States"]
[WhiteTeamCountry "USA"]
[BlackTeamCountry "USA"]

1. d4 d5 2. c4 c6 3. cxd5 cxd5 4. Nc3 Nf6 5. Nf3 Nc6 6. e3 Bf5 7. Nh4 Bg4 8. Be2 Bxe2 9. Qxe2 e6 10. 0-0 a6 11. f3 Bd6 12. Bd2 Bc7 13. Be1 Nd7 14. g3 Na5 15. b3 Bd6 16. Qb2 0-0 17. e4 dxe4 18. Nxe4 Be7 19. Bxa5 Qxa5 20. Qc3 Qxc3 21. Nxc3 Bd8 22. Rac1 Ba5 23. Ng2 Nb6 24. Ne3 f5 25. f4 Bxc3 26. Rxc3 Nd5 27. Nxd5 exd5 28. Rfc1 b5 29. Rc5 Rad8 30. Rc7 Rf6 31. Ra7 Rdd6 32. Rcc7 Rde6 33. Re7 h6 34. Ra8+ Kh7 35. Rae8 Rxe7 1/2-1/2